[Event "Istanbul op-B"]
[Site "Istanbul"]
[Date "2018.09.02"]
[Round "1"]
[White "Oner, Arda Caner"]
[Black "Kavacik, Ahmet"]
[Result "0-1"]
[WhiteElo "1530"]
[BlackElo "1800"]
[PlyCount "108"]
[EventDate "2018.09.02"]
[EventType "swiss"]
[EventRounds "9"]
[EventCountry "TUR"]
[SourceTitle "CBM 186 Extra"]
[Source "ChessBase"]
[SourceDate "2018.08.24"]
[SourceVersion "1"]
[SourceVersionDate "2018.08.24"]
[SourceQuality "1"]

1. e4 d5 2. exd5 Qxd5 3. Nc3 Qd8 4. Nf3 Bg4 5. Be2 Nf6 6. 0-0 e6 7. Re1 c6 8. h3 Bxf3 9. Bxf3 Bd6 10. d4 0-0 11. Ne4 Nxe4 12. Bxe4 Nd7 13. a4 Qc7 14. a5 a6 15. c4 Nf6 16. Bf3 Bb4 17. Bd2 Bxd2 18. Qxd2 Rad8 19. Red1 Rd7 20. c5 Rfd8 21. Qb4 Qf4 22. Rd2 e5 23. Rad1 e4 24. d5 cxd5 25. Rd4 Qc7 26. Be2 g6 27. Qc3 Ne8 28. b4 Ng7 29. Bg4 f5 30. Be2 Ne6 31. R4d2 Kf7 32. Qb3 Qe5 33. c6 bxc6 34. Bxa6 Rb8 35. Bf1 d4 36. Bc4 d3 37. a6 Ke7 38. Qa4 Qd6 39. Bxe6 Kxe6 40. a7 Ra8 41. Qb3+ Qd5 42. Qc3 Rdxa7 43. f3 Ra3 44. fxe4 fxe4 45. Qg7 Qd7 46. Qh6 Qd4+ 47. Kh1 e3 48. Rc2 Qe4 49. Qxh7 d2 50. Rf1 R8a7 51. Rxc6+ Qxc6 52. Qxg6+ Kd5 53. Qg8+ Ke4 54. Qe8+ Qxe8 0-1